书目信息 |
| 题名: |
机动车驾驶员考试题库
|
|
| 作者: | 上海市交通安全教育学校 编 | |
| 分册: | ||
| 出版信息: | 上海 上海交通大学出版社 2000.04 |
|
| 页数: | 149页 | |
| 开本: | 32开 | |
| 丛书名: | ||
| 单 册: | ||
| 中图分类: | U471.1-44 | |
| 科图分类: | ||
| 主题词: | 公路运输 | |
| 电子资源: | ||
| ISBN: | 7-313-02433-9 | |
| 000 | 00640nam0 2200193 45 | |
| 001 | 0012200873 | |
| 005 | 20001220084848.0 | |
| 010 | @a7-313-02433-9@d10.00元 | |
| 100 | @a20001220d2000 km y0chiy0120 ea | |
| 101 | 0 | @achi |
| 105 | @a z 000yy | |
| 200 | 1 | @a机动车驾驶员考试题库@AJi Dong Che Jia Shi Yuan Kao Shi Ti Ku@f上海市交通安全教育学校编@FShang Hai Shi Jiao Tong An Quan Jiao Yu Xue Xiao Bian |
| 210 | @a上海@c上海交通大学出版社@d2000.04 | |
| 215 | @a149页@d32开 | |
| 606 | 0 | @a公路运输 |
| 690 | @aU471.1-44@v3 | |
| 701 | 0 | @a上海市交通安全教育学校@4编 |
| 801 | @aCN@bPftUser@c20001220 | |
| 905 | @b309979-980@dU471.1-44@eSH:784@f2 | |
| 机动车驾驶员考试题库/上海市交通安全教育学校编.-上海:上海交通大学出版社,2000.04 |
| 149页;32开 |
| ISBN 7-313-02433-9:10.00元 |
| ● |
| 相关链接 |
|
|
|
正题名:机动车驾驶员考试题库
索取号:U471.1-44/SH:784
 
预约/预借
| 序号 | 登录号 | 条形码 | 馆藏地/架位号 | 状态 | 备注 |
| 1 | 309979 | 203099798 | 自科库501/501自科库 56排7列3层/ [索取号:U471.1-44/SH:784] | 在馆 | |
| 2 | 309980 | 203099805 | 自科库501/501自科库 56排7列1层/ [索取号:U471.1-44/SH:784] | 在馆 |